000 01587cam a2200397Ia 4500
999 _c64153
_d64153
001 594306
003 CO-MdFUSB
005 20190202100246.0
008 040817t2004 enk g b 001 0 eng
020 _a0567083535 (pbk)
040 _aTLQ
_cCO-MdFUSB
_bspa
_dCO-MdFUSB
_erda
041 _aeng
049 _aPTSS
082 0 4 _224
_aG 230.015
_bM478s
100 1 _aMcGrath, Alister E.,
_d1953-
_eautor
242 1 3 _aLa ciencia de Dios
_b: una introducción a la teología científica
_lInglés
245 1 4 _aThe science of God
_b: an introduction to scientific theology
_c/ Alister E. McGrath.
264 1 _aLondon :
_bT&T Clark International,
_c℗2004
264 4 _c©2004
300 _axiv, 271 páginas ;
_c18 cm.
_b:
336 _2rdacontent
_atexto
_btxt
337 _2rdamedia
_asin mediación
_bn
338 _2rdacarrier
_avolumen
_bnc
501 _aIncluye índice (p. 265- 271)
504 _aNotas (p. 253-263)
505 _aProlegómenos -- Naturaleza -- Realidad -- Teoría
520 _aMcGrath provides a summary of and introduction to the major themes examined in his three volume work A scientific theology. He outlines all the major ideas on Christian theology both philosophically and historically, discussing their relationships with the natural sciences.
600 1 0 _aMcGrath, Alister E.,
_d1953-
_tScientific theology.
650 7 _aTeología doctrinal
_2
_9179
650 7 _aReligión y ciencia
_9259
653 _aTeología natural
942 _cBK